[Event "HUN-chT 1415"]
[Site "Hungary"]
[Date "2015.02.08"]
[Round "6.1"]
[White "Czumbel, Peter"]
[Black "Kiss, Emese"]
[Result "1-0"]
[WhiteElo "1775"]
[BlackElo "2103"]
[PlyCount "53"]
[EventDate "2014.10.12"]
[EventType "team-tourn"]
[EventRounds "9"]
[EventCountry "HUN"]
[SourceTitle "EXT 2016"]
[Source "ChessBase"]
[SourceDate "2015.10.08"]
[SourceVersion "1"]
[SourceVersionDate "2015.10.08"]
[SourceQuality "1"]
[WhiteTeam "Szigetszentmiklos"]
[BlackTeam "Penzugyor"]
[WhiteTeamCountry "HUN"]
[BlackTeamCountry "HUN"]

1. Nf3 d5 2. g3 g6 3. Bg2 Bg7 4. 0-0 e5 5. d3 Ne7 6. c4 c6 7. Na3 0-0 8. Nc2 h6 9. Rb1 Bf5 10. Ne3 Be6 11. b3 Qd7 12. Bb2 d4 13. Nc2 Bh3 14. e3 dxe3 15. Nxe5 exf2+ 16. Rxf2 Qe6 17. Nd4 Qc8 18. Qe2 f6 19. Bxh3 Qxh3 20. Ng4 h5 21. Qe6+ Kh8 22. Qxe7 hxg4 23. Ne6 Qh6 24. Nxf8 Bxf8 25. Bxf6+ Kg8 26. Qe6+ Kh7 27. Be5 1-0

[Event "HUN-chT2 Maroczy 1415"]
[Site "Hungary"]
[Date "2015.01.25"]
[Round "5"]
[White "Kiss, Emese"]
[Black "Borda, Lajos"]
[Result "1/2-1/2"]
[WhiteElo "2103"]
[BlackElo "2106"]
[PlyCount "41"]
[EventDate "2014.10.12"]
[EventType "team-tourn"]
[EventRounds "9"]
[EventCountry "HUN"]
[SourceTitle "EXT 2016"]
[Source "ChessBase"]
[SourceDate "2015.10.08"]
[SourceVersion "1"]
[SourceVersionDate "2015.10.08"]
[SourceQuality "1"]
[WhiteTeam "Penzugyor II"]
[BlackTeam "Magyar Sakkvilag"]
[WhiteTeamCountry "HUN"]
[BlackTeamCountry "HUN"]

1. d4 Nf6 2. c4 e5 3. dxe5 Ng4 4. Nf3 Nc6 5. e6 Bb4+ 6. Bd2 dxe6 7. h3 Nge5 8. Nxe5 Bxd2+ 9. Qxd2 Qxd2+ 10. Nxd2 Nxe5 11. g3 Bd7 12. Bg2 Bc6 13. Bxc6+ Nxc6 14. 0-0-0 Ke7 15. Ne4 Rhd8 16. Nc5 b6 17. Ne4 Na5 18. b3 c5 19. Rxd8 Rxd8 20. Rd1 Rxd1+ 21. Kxd1 1/2-1/2

[Event "Budapest-chT1 Lilienthal 1314"]
[Site "Budapest"]
[Date "2014.02.09"]
[Round "7"]
[White "Kiss, Emese"]
[Black "Mako, Zoltan"]
[Result "1-0"]
[WhiteElo "2101"]
[BlackElo "1985"]
[PlyCount "75"]
[EventDate "2013.09.29"]
[EventType "team-tourn"]
[EventRounds "11"]
[EventCountry "HUN"]
[SourceTitle "EXT 2021"]
[Source "ChessBase"]
[SourceDate "2020.10.23"]
[SourceVersion "1"]
[SourceVersionDate "2020.10.23"]
[SourceQuality "1"]
[WhiteTeam "Penzugyor III"]
[BlackTeam "Csepel"]
[WhiteTeamCountry "HUN"]
[BlackTeamCountry "HUN"]

1. d4 Nf6 2. c4 g6 3. Nc3 Bg7 4. e4 d6 5. Nge2 0-0 6. Ng3 Na6 7. Be2 e5 8. d5 Nc5 9. h4 h6 10. b4 Na6 11. Rb1 c6 12. Be3 Nxe4 13. Ncxe4 f5 14. dxc6 fxe4 15. Qd5+ Rf7 16. Nxe4 bxc6 17. Qxd6 Bf5 18. Qxd8+ Rxd8 19. f3 h5 20. a3 Nc7 21. Rd1 Rxd1+ 22. Bxd1 Bf8 23. Bxa7 Nb5 24. Bc5 Nxa3 25. Bb3 Bxe4 26. Bxf8 Rxf8 27. fxe4 Rf4 28. Kd2 Rf2+ 29. Kc3 Rxg2 30. Ra1 g5 31. Rxa3 gxh4 32. c5+ Kh7 33. Be6 Rg3+ 34. Kb2 Rg2+ 35. Kb3 Kh6 36. b5 cxb5 37. c6 Rg6 38. c7 1-0

[Event "HUN-chT2 Maroczy 1314"]
[Site "Hungary"]
[Date "2013.10.20"]
[Round "3"]
[White "Kopias, Ferenc"]
[Black "Kiss, Emese"]
[Result "1/2-1/2"]
[WhiteElo "1847"]
[BlackElo "2101"]
[PlyCount "61"]
[EventDate "2013.09.08"]
[EventType "team-tourn"]
[EventRounds "11"]
[EventCountry "HUN"]
[SourceTitle "EXT 2016"]
[Source "ChessBase"]
[SourceDate "2015.10.08"]
[SourceVersion "1"]
[SourceVersionDate "2015.10.08"]
[SourceQuality "1"]
[WhiteTeam "Mako II"]
[BlackTeam "Penzugyor II"]
[WhiteTeamCountry "HUN"]
[BlackTeamCountry "HUN"]

1. Nf3 Nf6 2. c4 g6 3. Nc3 d6 4. g3 Bg7 5. Bg2 e5 6. d4 Nbd7 7. dxe5 dxe5 8. 0-0 0-0 9. Qc2 c6 10. Bg5 Qc7 11. Rad1 Nc5 12. Bxf6 Bxf6 13. b4 Ne6 14. Ne4 Bg7 15. Nd6 a5 16. a3 axb4 17. axb4 Nd4 18. Nxd4 exd4 19. c5 Be6 20. f4 Ra2 21. Qb1 Rxe2 22. Bf3 Re3 23. f5 Rb3 24. Qc2 Rc3 25. Qb1 gxf5 26. Nxf5 Qe5 27. Be4 Rb3 28. Qc2 Rc3 29. Qb1 Rb3 30. Qc2 Rc3 31. Qb1 1/2-1/2

[Event "HUN-chT 1011"]
[Site "Hungary"]
[Date "2011.04.17"]
[Round "9"]
[White "Gyurkovics, Miklos"]
[Black "Kiss, Emese"]
[Result "1-0"]
[WhiteElo "2109"]
[BlackElo "2083"]
[PlyCount "123"]
[EventDate "2010.10.10"]
[EventType "team-tourn"]
[EventRounds "11"]
[EventCountry "HUN"]
[SourceTitle "EXT 2012"]
[Source "ChessBase"]
[SourceDate "2011.11.24"]
[SourceVersion "1"]
[SourceVersionDate "2011.11.24"]
[SourceQuality "1"]
[WhiteTeam "Vasas"]
[BlackTeam "Penzugyor"]
[WhiteTeamCountry "HUN"]
[BlackTeamCountry "HUN"]

1. g3 g6 2. Bg2 Bg7 3. e4 d6 4. d4 c5 5. d5 Nf6 6. Nc3 Na6 7. Nge2 Nc7 8. a4 b6 9. 0-0 Rb8 10. h3 a6 11. Be3 b5 12. axb5 axb5 13. Qd2 0-0 14. Rad1 Nd7 15. b3 b4 16. Na4 Ba6 17. f4 Bb5 18. e5 Bxa4 19. bxa4 Nb6 20. Ra1 Ra8 21. a5 Nc4 22. Qd3 Nxa5 23. Be4 Qd7 24. Ra2 Nb7 25. e6 Qc8 26. Rxa8 Qxa8 27. f5 Qa3 28. fxg6 fxg6 29. Qd2 Rxf1+ 30. Kxf1 Na5 31. Bg5 Qa1+ 32. Kg2 Bf6 33. Qf4 Nb7 34. h4 Qe5 35. Qf3 Nd8 36. Bf4 Qb2 37. Bc1 Qe5 38. Bf4 Qb2 39. h5 g5 40. Bd2 h6 41. g4 Bg7 42. Qd3 Ne8 43. Ng3 Nf6 44. Bf3 Qa2 45. Nf5 c4 46. Nxe7+ Kf8 47. Ng6+ Ke8 48. Qf5 c3 49. Be2 Qxd5+ 50. Qxd5 Nxd5 51. Bb5+ Nc6 52. Bxc6+ Kd8 53. Bc1 Ne7 54. Be4 Bf6 55. Kf3 d5 56. Bd3 Nc6 57. Be3 d4 58. Bc1 Kc7 59. Ke4 Kd6 60. Bc4 Ne5 61. Nxe5 Bxe5 62. e7 1-0

[Event "Budapest-chT1 Lilienthal 1011"]
[Site "Budapest"]
[Date "2010.12.12"]
[Round "6"]
[White "Kiss, Emese"]
[Black "Juhasz, Armin"]
[Result "1/2-1/2"]
[WhiteElo "2083"]
[BlackElo "1977"]
[PlyCount "41"]
[EventDate "2010.09.19"]
[EventType "team-tourn"]
[EventRounds "11"]
[EventCountry "HUN"]
[SourceTitle "EXT 2020"]
[Source "ChessBase"]
[SourceDate "2019.10.17"]
[SourceVersion "1"]
[SourceVersionDate "2019.10.17"]
[SourceQuality "1"]
[WhiteTeam "Penzugyor III"]
[BlackTeam "Budapest Vasas II"]
[WhiteTeamCountry "HUN"]
[BlackTeamCountry "HUN"]

1. d4 Nf6 2. c4 e6 3. Nc3 Bb4 4. Qc2 0-0 5. Nf3 c5 6. dxc5 Na6 7. Bf4 Nxc5 8. a3 Bxc3+ 9. Qxc3 Nce4 10. Qb4 a5 11. Qb3 Qe7 12. e3 a4 13. Qc2 b6 14. Bd3 Bb7 15. 0-0 Rfc8 16. Ng5 Nxg5 17. Bxg5 h6 18. Bh4 d5 19. Qe2 dxc4 20. Bxc4 Qc5 21. Bxf6 1/2-1/2

[Event "Budapest-chT1 Lilienthal 1011"]
[Site "Budapest"]
[Date "2010.11.28"]
[Round "5"]
[White "Kiss, Emese"]
[Black "Molnar, Jozsef"]
[Result "1-0"]
[WhiteElo "2083"]
[BlackElo "2159"]
[PlyCount "179"]
[EventDate "2010.09.19"]
[EventType "team-tourn"]
[EventRounds "11"]
[EventCountry "HUN"]
[SourceTitle "EXT 2020"]
[Source "ChessBase"]
[SourceDate "2019.10.17"]
[SourceVersion "1"]
[SourceVersionDate "2019.10.17"]
[SourceQuality "1"]
[WhiteTeam "Penzugyor III"]
[BlackTeam "Budapest EAC III"]
[WhiteTeamCountry "HUN"]
[BlackTeamCountry "HUN"]

1. d4 d5 2. Nf3 Nf6 3. c4 c6 4. e3 e6 5. Nc3 Bd6 6. Qc2 Nbd7 7. Bd3 h6 8. 0-0 0-0 9. Re1 dxc4 10. Bxc4 e5 11. h3 Qe7 12. e4 exd4 13. Nxd4 Ne5 14. Be2 Ng6 15. Nf3 Re8 16. Bf1 Nh5 17. Be3 Nhf4 18. e5 Bb4 19. a3 Ba5 20. Qa4 Bxc3 21. bxc3 Nd5 22. Bd4 Be6 23. c4 Nb6 24. Bxb6 axb6 25. Qb4 Qc7 26. Rab1 Ra6 27. Bd3 c5 28. Qc3 Nf4 29. Bc2 Rea8 30. Ra1 g5 31. h4 Qe7 32. Qe3 Kg7 33. Kh2 Rh8 34. g3 Ng6 35. h5 Nf8 36. Qe4 Qd7 37. Red1 Qc6 38. Qe2 Bg4 39. Be4 Qc7 40. Qe3 Bxh5 41. Kg2 Bxf3+ 42. Qxf3 Qxe5 43. Bxb7 Ra7 44. Rab1 Ne6 45. Rd7 Qf6 46. Rxb6 Qxf3+ 47. Kxf3 Kf6 48. Ra6 Rxa6 49. Bxa6 Ra8 50. Rd6 Rh8 51. Bb5 h5 52. a4 Ra8 53. Bc6 Ra7 54. Rd7 Nd4+ 55. Ke4 Rxd7 56. Bxd7 Ke7 57. Bc8 Kd8 58. Bh3 Kc7 59. Ke5 Nb3 60. Kf5 Nd2 61. Kxg5 Nxc4 62. Kxh5 Kd6 63. Kg5 Ne5 64. f4 Nc6 65. Kf6 c4 66. Kxf7 Nd4 67. Bf1 c3 68. Bd3 Ne2 69. g4 Nxf4 70. Bc2 Ne6 71. a5 Ng5+ 72. Kf6 Nh3 73. Kf5 Kc5 74. Ke4 Kb5 75. Kd4 Kxa5 76. Kxc3 Kb6 77. Kd4 Kc7 78. Ke5 Kd7 79. Kf6 Ke8 80. Ba4+ Kf8 81. Bc6 Kg8 82. Bg2 Nf4 83. Bf1 Nd5+ 84. Kg6 Ne7+ 85. Kh6 Kh8 86. Bc4 Ng6 87. g5 Ne7 88. Be6 Ng6 89. Bf5 Ne7 90. Bh7 1-0

[Event "HUN-chT2 Maroczy 1011"]
[Site "Hungary"]
[Date "2010.10.10"]
[Round "3"]
[White "Simon, Lili"]
[Black "Kiss, Emese"]
[Result "0-1"]
[WhiteElo "1740"]
[BlackElo "2083"]
[PlyCount "76"]
[EventDate "2010.09.12"]
[EventType "team-tourn"]
[EventRounds "11"]
[EventCountry "HUN"]
[SourceTitle "EXT 2012"]
[Source "ChessBase"]
[SourceDate "2011.11.24"]
[SourceVersion "1"]
[SourceVersionDate "2011.11.24"]
[SourceQuality "1"]
[WhiteTeam "Debrecen SBE"]
[BlackTeam "Penzugyor II"]
[WhiteTeamCountry "HUN"]
[BlackTeamCountry "HUN"]

1. e4 c5 2. Nf3 d6 3. c3 Nc6 4. d4 Nf6 5. Bd3 Bg4 6. Be3 e6 7. Nbd2 Rc8 8. 0-0 Be7 9. h3 Bh5 10. Qb3 Bxf3 11. Nxf3 Qb6 12. Qxb6 axb6 13. Rfd1 0-0 14. Rac1 Ra8 15. a3 Na5 16. b4 c4 17. e5 Nd5 18. Be2 Nb3 19. Rc2 b5 20. exd6 Bxd6 21. Ne5 Rxa3 22. Rb1 Na1 23. Rcc1 Rfa8 24. Bf3 Nxc3 25. Rb2 Nd5 26. Bxd5 exd5 27. Nd7 Nb3 28. Re1 Bxb4 29. Ree2 Bc3 30. Rb1 Ra1 31. Rxa1 Rxa1+ 32. Kh2 Ra8 33. Bf4 Nxd4 34. Re7 Bb4 35. Re5 Ne6 36. Bg3 c3 37. Re2 d4 38. Ne5 Nc5 0-1

[Event "HUN-chT 0809"]
[Site "Hungary"]
[Date "2009.02.22"]
[Round "8"]
[White "Amstadt, Aron"]
[Black "Kiss, Emese"]
[Result "1/2-1/2"]
[WhiteElo "2196"]
[BlackElo "2139"]
[PlyCount "78"]
[EventDate "2008.10.26"]
[EventType "team-tourn"]
[EventRounds "11"]
[EventCountry "HUN"]
[SourceTitle "EXT 2010"]
[Source "ChessBase"]
[SourceDate "2010.11.25"]
[SourceVersion "1"]
[SourceVersionDate "2010.11.25"]
[SourceQuality "1"]
[WhiteTeam "Decs"]
[BlackTeam "Penzugyor"]
[WhiteTeamCountry "HUN"]
[BlackTeamCountry "HUN"]

1. d4 Nf6 2. c4 g6 3. Nc3 Bg7 4. e4 d6 5. Nf3 0-0 6. Be2 e5 7. 0-0 Nc6 8. d5 Ne7 9. Ne1 Ne8 10. f3 f5 11. g4 Nf6 12. Nd3 b6 13. exf5 gxf5 14. g5 Nd7 15. f4 Ng6 16. Rf2 Nc5 17. Nxc5 bxc5 18. Rg2 exf4 19. Kh1 Bd4 20. Bd3 f3 21. Qxf3 Nh4 22. Qg3 Nxg2 23. Kxg2 Kh8 24. Bf4 Qe7 25. Re1 Qg7 26. Nb5 Bxb2 27. Nxc7 Qxc7 28. Bxd6 Qg7 29. Re7 Qg6 30. h4 Rd8 31. Bc7 Bd7 32. Bxd8 Rxd8 33. Qc7 Rg8 34. Qxd7 Qh5 35. Bxf5 Bg7 36. Kg3 Qd1 37. Bh3 Qd3+ 38. Kg2 Qd2+ 39. Kg3 Qd3+ 1/2-1/2

[Event "HUN-chT 0809"]
[Site "Hungary"]
[Date "2008.10.26"]
[Round "1"]
[White "Rapport, Richard"]
[Black "Kiss, Emese"]
[Result "1-0"]
[WhiteElo "2323"]
[BlackElo "2139"]
[PlyCount "69"]
[EventDate "2008.10.26"]
[EventType "team-tourn"]
[EventRounds "11"]
[EventCountry "HUN"]
[SourceTitle "CBM 127 Extra"]
[Source "ChessBase"]
[SourceDate "2009.01.08"]
[SourceVersion "2"]
[SourceVersionDate "2009.01.28"]
[SourceQuality "1"]
[WhiteTeam "Csuti"]
[BlackTeam "Penzugyor"]
[WhiteTeamCountry "HUN"]
[BlackTeamCountry "HUN"]

1. d4 Nf6 2. c4 e6 3. Nf3 Bb4+ 4. Nbd2 Nc6 5. a3 Bxd2+ 6. Bxd2 d6 7. Bg5 h6 8. Bh4 0-0 9. e3 e5 10. Be2 Qe8 11. Bxf6 gxf6 12. b4 Bg4 13. 0-0 Kh8 14. Nh4 Bd7 15. d5 Ne7 16. Bd3 Ng6 17. Qf3 Kg7 18. Nf5+ Bxf5 19. Bxf5 Rg8 20. Qg4 Kf8 21. Qh3 Kg7 22. f4 Ne7 23. Bc2 Qc8 24. Qf3 f5 25. fxe5 dxe5 26. Qg3+ Kf8 27. Qxe5 Qd7 28. Bxf5 Nxf5 29. Rxf5 Re8 30. Qf4 Rg6 31. Rf1 Re7 32. e4 Kg7 33. e5 Qe8 34. c5 b6 35. c6 1-0

[Event "HUN-chT2 Maroczy 0708"]
[Site "Hungary"]
[Date "2008.03.30"]
[Round "9"]
[White "Kendi, Stefan"]
[Black "Kiss, Emese"]
[Result "0-1"]
[WhiteElo "2044"]
[BlackElo "2114"]
[PlyCount "90"]
[EventDate "2007.10.14"]
[EventType "team"]
[EventRounds "11"]
[EventCountry "HUN"]
[SourceTitle "EXT 2009"]
[Source "ChessBase"]
[SourceDate "2008.11.26"]
[SourceVersion "1"]
[SourceVersionDate "2008.11.26"]
[SourceQuality "1"]
[WhiteTeam "Sarospatak"]
[BlackTeam "Penzugyor"]
[WhiteTeamCountry "HUN"]
[BlackTeamCountry "HUN"]

1. e4 c5 2. Nf3 d6 3. d4 cxd4 4. Nxd4 Nf6 5. Nc3 a6 6. Bd3 e5 7. Nf5 g6 8. Nh6 Be6 9. h3 Nh5 10. g3 Nd7 11. Be2 Nhf6 12. Bg5 Qa5 13. Qd2 d5 14. exd5 Nxd5 15. Nxd5 Qxd2+ 16. Bxd2 Bxd5 17. 0-0 f5 18. c4 Bc6 19. Bg5 Bg7 20. Rad1 Nc5 21. f3 Ne6 22. Bc1 Nd4 23. Kf2 f4 24. Rxd4 fxg3+ 25. Kxg3 exd4 26. Bd3 Rf8 27. Bg5 Kd7 28. b4 b5 29. h4 Rae8 30. h5 Re5 31. Bf4 Rxh5 32. Ng4 bxc4 33. Bb1 d3 34. Ne3 Rxf4 35. Kxf4 Bh6+ 36. Kg4 Bxe3 37. Kg3 Rg5+ 38. Kh2 Bf4+ 39. Kh1 Rg3 40. b5 axb5 41. a4 bxa4 42. Bxd3 cxd3 43. Rf2 Bxf3+ 44. Rg2 Rh3+ 45. Kg1 Be3+ 0-1

[Event "HUN-chT2 Maroczy 0708"]
[Site "Hungary"]
[Date "2008.03.16"]
[Round "8"]
[White "Kiss, Emese"]
[Black "Uzonyi, David"]
[Result "1-0"]
[WhiteElo "2114"]
[BlackElo "1877"]
[PlyCount "79"]
[EventDate "2007.10.14"]
[EventType "team"]
[EventRounds "11"]
[EventCountry "HUN"]
[SourceTitle "EXT 2009"]
[Source "ChessBase"]
[SourceDate "2008.11.26"]
[SourceVersion "1"]
[SourceVersionDate "2008.11.26"]
[SourceQuality "1"]
[WhiteTeam "Penzugyor"]
[BlackTeam "Hajduboszormeny"]
[WhiteTeamCountry "HUN"]
[BlackTeamCountry "HUN"]

1. d4 b6 2. c4 Bb7 3. Bf4 e6 4. e3 a5 5. Nc3 f5 6. Nf3 Be7 7. h3 Nf6 8. Bd3 0-0 9. Qe2 Na6 10. a3 Ne4 11. 0-0 d6 12. Rad1 Kh8 13. Nd2 Nxd2 14. Rxd2 Qe8 15. e4 Qg6 16. f3 Bf6 17. e5 Bg5 18. Qe3 dxe5 19. Qxe5 Bf6 20. Qe3 c5 21. Be5 cxd4 22. Bxd4 Nc5 23. Bc2 Rad8 24. Nb5 e5 25. Bxc5 bxc5 26. Rd6 Rxd6 27. Nxd6 e4 28. Qxc5 exf3 29. Rf2 Bh4 30. Nxb7 Re8 31. Rxf3 Qg5 32. Qxf5 Qc1+ 33. Kh2 g6 34. Qd7 Qe1 35. Qd4+ Qe5+ 36. Qxe5+ Rxe5 37. c5 Re2 38. Bd3 Re1 39. c6 Rc1 40. Rf1 1-0

[Event "HUN-chT2 Maroczy 0708"]
[Site "Hungary"]
[Date "2008.02.17"]
[Round "6"]
[White "Foldi, Kristof"]
[Black "Kiss, Emese"]
[Result "0-1"]
[WhiteElo "2070"]
[BlackElo "2114"]
[PlyCount "62"]
[EventDate "2007.10.14"]
[EventType "team"]
[EventRounds "11"]
[EventCountry "HUN"]
[SourceTitle "EXT 2009"]
[Source "ChessBase"]
[SourceDate "2008.11.26"]
[SourceVersion "1"]
[SourceVersionDate "2008.11.26"]
[SourceQuality "1"]
[WhiteTeam "Matra"]
[BlackTeam "Penzugyor"]
[WhiteTeamCountry "HUN"]
[BlackTeamCountry "HUN"]

1. e4 c5 2. Nf3 d6 3. d4 cxd4 4. Nxd4 Nf6 5. Nc3 a6 6. f3 e5 7. Nb3 Be6 8. Be3 Be7 9. Qd2 Nc6 10. 0-0-0 Rc8 11. g4 h6 12. Nd5 Bxd5 13. exd5 Nb8 14. h4 Nbd7 15. Bh3 Nb6 16. Bxb6 Qxb6 17. g5 Nd7 18. Bxd7+ Kxd7 19. f4 Rc4 20. fxe5 dxe5 21. d6 Bxd6 22. Qd5 Rf4 23. Qxe5 Kc7 24. Qxg7 Qe3+ 25. Kb1 Be5 26. Qxh8 Bxh8 27. Rhe1 Qf2 28. Re7+ Kb6 29. Re8 Rc4 30. Nd2 Rxh4 31. Rxh8 Qxd2 0-1

[Event "HUN-chT2 Maroczy 0708"]
[Site "Hungary"]
[Date "2007.12.09"]
[Round "4"]
[White "Soros, Gabor Mario"]
[Black "Kiss, Emese"]
[Result "1/2-1/2"]
[WhiteElo "1972"]
[BlackElo "2114"]
[PlyCount "76"]
[EventDate "2007.10.14"]
[EventType "team"]
[EventRounds "11"]
[EventCountry "HUN"]
[SourceTitle "EXT 2009"]
[Source "ChessBase"]
[SourceDate "2008.11.26"]
[SourceVersion "1"]
[SourceVersionDate "2008.11.26"]
[SourceQuality "1"]
[WhiteTeam "Miskolc EMSE"]
[BlackTeam "Penzugyor"]
[WhiteTeamCountry "HUN"]
[BlackTeamCountry "HUN"]

1. d4 Nf6 2. Bf4 d6 3. e3 g6 4. Bd3 Bg7 5. c3 Nbd7 6. Nf3 c6 7. h3 0-0 8. 0-0 Re8 9. Bc2 Qb6 10. Qc1 e5 11. dxe5 dxe5 12. Bh2 Qc5 13. Nbd2 b6 14. e4 Ba6 15. Re1 Bh6 16. Nb3 Qf8 17. Qb1 Rad8 18. a4 Nh5 19. a5 b5 20. Nc1 Nf4 21. Bxf4 Bxf4 22. Nd3 c5 23. Nxf4 exf4 24. Qc1 Qd6 25. e5 Nxe5 26. Qxf4 Nxf3+ 27. Qxf3 Qd2 28. Rxe8+ Rxe8 29. Qd3 Re2 30. Qxd2 Rxd2 31. Rc1 b4 32. cxb4 cxb4 33. b3 Bb7 34. Kf1 Ba6+ 35. Kg1 Bb7 36. Kf1 Rd5 37. Ra1 Rd2 38. Rc1 Ba6+ 1/2-1/2

[Event "HUN-chT2 Maroczy 0708"]
[Site "Hungary"]
[Date "2007.11.25"]
[Round "3"]
[White "Kiss, Emese"]
[Black "Andriska, Zsolt"]
[Result "1/2-1/2"]
[WhiteElo "2114"]
[BlackElo "2046"]
[PlyCount "50"]
[EventDate "2007.10.14"]
[EventType "team"]
[EventRounds "11"]
[EventCountry "HUN"]
[SourceTitle "EXT 2009"]
[Source "ChessBase"]
[SourceDate "2008.11.26"]
[SourceVersion "1"]
[SourceVersionDate "2008.11.26"]
[SourceQuality "1"]
[WhiteTeam "Penzugyor"]
[BlackTeam "Koszolg"]
[WhiteTeamCountry "HUN"]
[BlackTeamCountry "HUN"]

1. d4 d5 2. Nf3 c6 3. c4 e6 4. Nc3 f5 5. g3 Nf6 6. Bg2 Bd6 7. 0-0 0-0 8. b3 Qe7 9. Qc2 Nbd7 10. e3 Ne4 11. Nd2 Nxc3 12. Qxc3 b6 13. Re1 Bb7 14. Bb2 Rac8 15. Rac1 Qf6 16. cxd5 cxd5 17. Qd3 Qe7 18. f3 Ba3 19. Rxc8 Rxc8 20. Bc3 Nf6 21. Nb1 Bb4 22. Rc1 Bd6 23. Qd2 Qd7 24. Bb2 a5 25. Nc3 Bc6 1/2-1/2

[Event "HUN-chT2 Charousek 0607"]
[Site "Hungary"]
[Date "2007.05.06"]
[Round "10"]
[White "Kiss, Emese"]
[Black "Gaal, Ede"]
[Result "0-1"]
[WhiteElo "2122"]
[BlackElo "2133"]
[PlyCount "72"]
[EventDate "2006.11.12"]
[EventType "team"]
[EventRounds "11"]
[EventCountry "HUN"]
[SourceTitle "EXT 2008"]
[Source "ChessBase"]
[SourceDate "2007.11.25"]
[SourceVersion "1"]
[SourceVersionDate "2007.11.25"]
[SourceQuality "1"]
[WhiteTeam "Penzugyor"]
[BlackTeam "Lovo"]
[WhiteTeamCountry "HUN"]
[BlackTeamCountry "HUN"]

1. d4 Nf6 2. c4 g6 3. Nc3 Bg7 4. e4 d6 5. Nge2 0-0 6. Ng3 e5 7. d5 a5 8. Be2 Na6 9. h4 h5 10. Bg5 Qe8 11. Qd2 Kh7 12. f3 Nd7 13. Nd1 Ndc5 14. Nf2 Nb4 15. Bd1 f6 16. Be3 f5 17. exf5 gxf5 18. Bxc5 dxc5 19. a3 e4 20. fxe4 fxe4 21. axb4 e3 22. Qd3+ Bf5 23. Nxf5 exf2+ 24. Kd2 Bxb2 25. Ne7+ Kh8 26. Ng6+ Kg7 27. Nxf8 Qxf8 28. Bxh5 Bxa1 29. Rxa1 Qf6 30. Rf1 axb4 31. Qg3+ Kh6 32. Bd1 Ra2+ 33. Bc2 Qd4+ 34. Qd3 b3 35. Kc1 Rxc2+ 36. Qxc2 bxc2 0-1

[Event "HUN-chT2 Charousek 0607"]
[Site "Hungary"]
[Date "2007.04.15"]
[Round "8"]
[White "Berta, Krisztian"]
[Black "Kiss, Emese"]
[Result "1-0"]
[WhiteElo "2247"]
[BlackElo "2122"]
[PlyCount "137"]
[EventDate "2006.11.12"]
[EventType "team"]
[EventRounds "11"]
[EventCountry "HUN"]
[SourceTitle "EXT 2008"]
[Source "ChessBase"]
[SourceDate "2007.11.25"]
[SourceVersion "1"]
[SourceVersionDate "2007.11.25"]
[SourceQuality "1"]
[WhiteTeam "Tapolca"]
[BlackTeam "Penzugyor"]
[WhiteTeamCountry "HUN"]
[BlackTeamCountry "HUN"]

1. d4 Nf6 2. c4 g6 3. Nc3 Bg7 4. e4 d6 5. Be2 0-0 6. Nf3 Nbd7 7. 0-0 e5 8. d5 Nc5 9. Nd2 a5 10. b3 Ne8 11. Ba3 Na6 12. Qc2 f5 13. exf5 gxf5 14. f4 e4 15. Rae1 Qh4 16. g3 Qh3 17. Nd1 Bd4+ 18. Kh1 Rf6 19. Nf2 Qh6 20. Nfxe4 Rf8 21. Ng5 Nb4 22. Bxb4 axb4 23. Bd3 Ng7 24. Ndf3 Bc5 25. Re7 Qf6 26. Rfe1 h6 27. Nh3 Rf7 28. R7e2 Bd7 29. Ne5 dxe5 30. fxe5 Qa6 31. Nf4 Be8 32. Qb2 Qb6 33. e6 Rf8 34. e7 Rf7 35. Ne6 Bxe7 36. Nxg7 Bf6 37. Rxe8+ Rxe8 38. Rxe8+ Kxg7 39. Qe2 Qd4 40. Bxf5 Bg5 41. g4 Qc5 42. Qe6 Qd6 43. Qxd6 cxd6 44. Re6 Rf6 45. Re8 Rf8 46. Re2 b6 47. Kg2 Bf4 48. Re6 Rf6 49. h4 Be5 50. h5 Bf4 51. Kf3 Bd2 52. Ke4 Bc3 53. Bg6 Be5 54. Re7+ Kg8 55. Bf5 Bg3 56. Rb7 Bf2 57. Kf4 Kf8 58. g5 hxg5+ 59. Kxg5 Rf7 60. Rb8+ Ke7 61. Be6 Be3+ 62. Kg4 Rf4+ 63. Kg3 Rf8 64. Rb7+ Kf6 65. Kg4 Ke5 66. Bf7 Kf6 67. Bg6 Ke5 68. Re7+ Kd4 69. Re4+ 1-0

[Event "HUN-chT2 Charousek 0607"]
[Site "Hungary"]
[Date "2007.02.18"]
[Round "5"]
[White "Kiss, Emese"]
[Black "Rezsek, Gyozo"]
[Result "0-1"]
[WhiteElo "2122"]
[BlackElo "2178"]
[PlyCount "54"]
[EventDate "2006.11.12"]
[EventType "team"]
[EventRounds "11"]
[EventCountry "HUN"]
[SourceTitle "EXT 2008"]
[Source "ChessBase"]
[SourceDate "2007.11.25"]
[SourceVersion "1"]
[SourceVersionDate "2007.11.25"]
[SourceQuality "1"]
[WhiteTeam "Penzugyor"]
[BlackTeam "Nagykanizsa II"]
[WhiteTeamCountry "HUN"]
[BlackTeamCountry "HUN"]

1. d4 Nf6 2. c4 e6 3. Nc3 Bb4 4. Qc2 0-0 5. Nf3 c5 6. dxc5 Bxc5 7. e3 b6 8. a3 a5 9. Be2 Bb7 10. 0-0 Nc6 11. Rd1 Rc8 12. Ng5 Ne5 13. Nce4 Nxe4 14. Nxe4 Qh4 15. f4 Nxc4 16. Bxc4 d5 17. g3 Qh6 18. Nxc5 Rxc5 19. Qb3 dxc4 20. Qxb6 Qh5 21. Rf1 Qd5 22. Kf2 Rb5 23. e4 Qh5 24. Qd4 Qxh2+ 25. Kf3 Rb3+ 26. Be3 f5 27. Rf2 Qh5+ 0-1

[Event "HUN-chT2 Maroczy 0506"]
[Site "Hungary"]
[Date "2006.04.23"]
[Round "11"]
[White "Kiss, Emese"]
[Black "Bor, Ferenc"]
[Result "1-0"]
[WhiteElo "2089"]
[BlackElo "2074"]
[PlyCount "65"]
[EventDate "2005.10.16"]
[EventType "team"]
[EventRounds "11"]
[EventCountry "HUN"]
[SourceTitle "EXT 2009"]
[Source "ChessBase"]
[SourceDate "2008.11.26"]
[SourceVersion "1"]
[SourceVersionDate "2008.11.26"]
[SourceQuality "1"]
[WhiteTeam "Penzugyor"]
[BlackTeam "Koszolg"]
[WhiteTeamCountry "HUN"]
[BlackTeamCountry "HUN"]

1. d4 Nf6 2. c4 c5 3. d5 g6 4. Nc3 d6 5. e4 Bg7 6. Nge2 a6 7. a4 b6 8. Ng3 e5 9. dxe6 fxe6 10. Bf4 e5 11. Bg5 Bb7 12. Nd5 Nbd7 13. a5 Bxd5 14. exd5 h6 15. Bd2 0-0 16. Bd3 e4 17. Be2 Ne5 18. Qc2 Nd3+ 19. Bxd3 exd3 20. Qxd3 Re8+ 21. Ne2 Ne4 22. 0-0 Bxb2 23. Rab1 Qf6 24. axb6 a5 25. Nf4 Nxd2 26. Qxd2 Bc3 27. Qd3 Bb4 28. Ne6 Rab8 29. Qg3 Rxb6 30. Rb3 Kh7 31. Rf3 Qe7 32. Qf4 Rbb8 33. Qxh6+ 1-0